00623nam a2200145 a 450000100100000000500170001000800410002704000250006808200150009324500730010826000770018130000200025895201820027899900170046000003354520200930070333.0110831s1938 dr 000 0 spa d aDO-SdBNPbspacBNPHU axxxbB744g00aBosquejo geográfico-estadístico sobre la República Dominicana. aCiudad Trujillo :bDirección General de Estadística Nacional,c1938. a40 p. ;c23 cm. 001050718RVaPDbPDcCTd2011-08-31iLF1l0oxxx B744gp33545-10r2020-06-25w2020-06-25y1zPerteneció a la biblioteca personal de Carlos Larrazábal BlancoZNo se presta c33036d33036